UBT Library

A perspective of wages and prices / (Record no. 40352)

000 -LEADER
fixed length control field 00632cam a2200229 a 4500
001 - CONTROL NUMBER
control field 3742623
005 - DATE AND TIME OF LATEST TRANSACTION
control field 20180116044126.0
008 - FIXED-LENGTH DATA ELEMENTS--GENERAL INFORMATION
fixed length control field 830816s1981 enka b 000 0 eng
010 ## - LIBRARY OF CONGRESS CONTROL NUMBER
LC control number 81188230
020 ## - INTERNATIONAL STANDARD BOOK NUMBER
International Standard Book Number 0416319505 :
Terms of availability £11.00
040 ## - CATALOGING SOURCE
Original cataloging agency DLC
Transcribing agency DLC
Modifying agency DLC
-- OCoLC
041 ## - LANGUAGE CODE
Language code of text/sound track or separate title eng
043 ## - GEOGRAPHIC AREA CODE
Geographic area code e-uk---
080 ## - UNIVERSAL DECIMAL CLASSIFICATION NUMBER
Universal Decimal Classification number 331.2941
082 00 - DEWEY DECIMAL CLASSIFICATION NUMBER
Classification number 331.2941 BRO
Edition number 19
100 1# - Rafti
Rafti 57
101 ## - Shkurtesa
Shkurtesa QMI
245 12 - TITLE STATEMENT
Title A perspective of wages and prices /
Statement of responsibility, etc Henry Phelps Brown and Sheila V. Hopkins.
504 ## - BIBLIOGRAPHY, ETC. NOTE
Bibliography, etc Includes bibliographical references.
906 ## - LOCAL DATA ELEMENT F, LDF (RLIN)
a 7
b cbc
c orignew
d 3
e ncip
f 19
g y-gencatlg
942 ## - ADDED ENTRY ELEMENTS (KOHA)
Source of classification or shelving scheme
Item type Books
Holdings
Withdrawn status Lost status Source of classification or shelving scheme Damaged status Not for loan Collection code Permanent location Current location Shelving location Date acquired Total Checkouts Full call number Barcode Date last seen Price effective from Koha item type
          Koleksioni i përgjithshem UBT - Lipjan UBT - Lipjan Koleksioni i lëndeve mesimore 01/16/2018   331.2941 BRO 002-2995582 01/16/2018 01/16/2018 Books
UBT Library © 2015-2024. All rights reserved University Education for Business and Technology